L’apport de la 1r̈e partie de formation DU de mďiateur

Bibliographic Details
Main Author: Hibade, Laurence
Format: eBook
Published: Pars̕: Éditions Universitaires Europěnes, 2019
Subjects:
Online Access:Acceso restringido

MARC

LEADER 00000nam a22000007a 4500
005 20191003222319.0
007 cr|||| ||||
008 191003s2019 fr |||||s|||| 00||0 fra d
020 |a 9786138461623 
035 |a 29156 
040 |a vLex 
090 |c 9700  |d 9700 
100 1 |a Hibade, Laurence 
245 1 0 |a L’apport de la 1r̈e partie de formation DU de mďiateur  |h [Recurso electrn̤ico] /  |c Laurence Hibade 
256 |a Servicio en ln̕ea 
260 |a Pars̕:  |b Éditions Universitaires Europěnes,  |c 2019 
300 |a 1 recurso electrn̤ico 
500 |a Un tiers form,̌ le mďiateur, va accompagner des personnes en conflit, les mďiš. Il va les aider ̉cheminer dans le but de vider leur conflit et v̌entuellement trouver ensemble (les mďiš entre eux) un accord satisfaisant. Il s’agit d’un processus violent qui se termine de manir̈e douce. A l’issue de la premir̈e partie du DU de Mďiateur, et ayant deux mois de recul depuis la dernir̈e session, j’ai observ ̌que l’initiation ̉cette approche a profondm̌ent modifi ̌ma perception des relations humaines, de ce que je pouvais en attendre, et de ce que je pouvais apporter aux autres, sur le plan personnel et professionnel. En clair, j’ai eu la dšagrǎble sensation d’avoir rat ̌une information importante pendant le quart de ma vie d’adulte ; j’aurais probablement ť ̌plus sereine dans les situations conflictuelles ou douloureuses, j’aurais moins p̌uis ̌mes forces et j’aurais ť ̌plus ̉mm̊e d’aider ceux qui m’entourent dans leurs difficultš, en v̌itant les attitudes de Porter par exemple. Mon monde aurait tout simplement ť ̌meilleur. 
506 1 |a Disponible solo en los productos indicados  |d vLex Global  |d vLex Global (Academic Edition, excluding Law Schools)  |d vLex Global (U.S. Academic Edition, Law Schools)  |d vLex Global (U.S. Academic Edition, excluding Law Schools)  |d vLex Global (Academic Edition, Law Schools) 
650 0 4 |a Derecho Pb︢lico y Administrativo  |z Francia 
740 0 |a vLex Libros (Servicio en ln̕ea) 
856 4 0 |u http://vlex.com/source/29156  |z Acceso restringido 
942 |c BOOK 
999 0 |a Public and Administrative Law